<?xml version="1.0" encoding="UTF-8"?>
<record
    xmlns:xsi="http://www.w3.org/2001/XMLSchema-instance"
    xsi:schemaLocation="http://www.loc.gov/MARC21/slim http://www.loc.gov/standards/marcxml/schema/MARC21slim.xsd"
    xmlns="http://www.loc.gov/MARC21/slim">

  <leader>00597nam a2200181Ia 4500</leader>
  <controlfield tag="008">090124s9999    xx            000 0 und d</controlfield>
  <datafield tag="082" ind1=" " ind2=" ">
    <subfield code="b">31727</subfield>
  </datafield>
  <datafield tag="100" ind1=" " ind2=" ">
    <subfield code="a">&#x930;&#x93E;&#x902;&#x917;&#x923;&#x947;&#x915;&#x930; &#x915;&#x941;&#x92E;&#x941;&#x926;&#x93F;&#x928;&#x940;</subfield>
  </datafield>
  <datafield tag="245" ind1=" " ind2=" ">
    <subfield code="a"> &#x913;&#x932;&#x940; &#x91C;&#x916;&#x92E;</subfield>
  </datafield>
  <datafield tag="250" ind1=" " ind2=" ">
    <subfield code="a">1</subfield>
  </datafield>
  <datafield tag="260" ind1=" " ind2=" ">
    <subfield code="b">"&#x930;&#x93E;&#x939;&#x942;&#x932; &#x92A;&#x94D;&#x930;&#x915;&#x93E;&#x936;&#x928;, &#x92D;&#x93E;&#x902;&#x921;&#x942;&#x92A;, &#x92E;&#x941;&#x902;&#x92C;&#x908;"</subfield>
    <subfield code="c">1988</subfield>
  </datafield>
  <datafield tag="300" ind1=" " ind2=" ">
    <subfield code="a">180</subfield>
  </datafield>
  <datafield tag="600" ind1=" " ind2=" ">
    <subfield code="a">&#x930;&#x93E;&#x902;&#x917;&#x923;&#x947;&#x915;&#x930; &#x915;&#x941;&#x92E;&#x941;&#x926;&#x93F;&#x928;&#x940;</subfield>
  </datafield>
  <datafield tag="630" ind1=" " ind2=" ">
    <subfield code="a"> &#x913;&#x932;&#x940; &#x91C;&#x916;&#x92E;</subfield>
  </datafield>
  <datafield tag="700" ind1=" " ind2=" ">
    <subfield code="a">&#x930;&#x93E;&#x902;&#x917;&#x923;&#x947;&#x915;&#x930; &#x915;&#x941;&#x92E;&#x941;&#x926;&#x93F;&#x928;&#x940;</subfield>
  </datafield>
  <datafield tag="730" ind1=" " ind2=" ">
    <subfield code="a"> &#x913;&#x932;&#x940; &#x91C;&#x916;&#x92E;</subfield>
  </datafield>
  <datafield tag="942" ind1=" " ind2=" ">
    <subfield code="c">BOOK</subfield>
  </datafield>
  <datafield tag="999" ind1=" " ind2=" ">
    <subfield code="c">97775</subfield>
    <subfield code="d">97775</subfield>
  </datafield>
  <datafield tag="952" ind1=" " ind2=" ">
    <subfield code="0">0</subfield>
    <subfield code="1">0</subfield>
    <subfield code="4">0</subfield>
    <subfield code="7">0</subfield>
    <subfield code="a">THNNWM</subfield>
    <subfield code="b">THNNWM</subfield>
    <subfield code="d">0000-00-00</subfield>
    <subfield code="g">45.00</subfield>
    <subfield code="l">0</subfield>
    <subfield code="o">31727</subfield>
    <subfield code="p">THNNWM-31727</subfield>
    <subfield code="r">2009-01-24 00:00:00</subfield>
    <subfield code="v">45.00</subfield>
    <subfield code="w">2009-01-24</subfield>
    <subfield code="y">BOOK</subfield>
  </datafield>
</record>
